01215nam a22002417a 450000500170000000800410001702000180005804000070007604100080008308200210009110000200011224500560013225000070018826000250019530000260022036500590024652005280030565000260083365000210085965000470088065000250092770000210095220250805092242.0240203b ||||| |||| 00| 0 eng d a9789353061067 cAL aeng 223a370.15bSLAE aRobert E Slavin aEducational Psychologyb: Theory and Practice Ed 12 a12 aNoidabPearsonc2018 axxx,527pbPBc27x21cm 2Psychologya7520b519.00c₹d649.00e20%f01-02-2024 a1. Educational Psychology: A Foundation for Teaching 2. Cognitive Development 3. Social, Moral, & Emotional Development 4. Student Diversity 5. Behavioral & Social Theories of Learning 6. Cognitive Theories of Learning 7. The Effective Lesson 8. Student-Centered & Constructivist Approaches to Instruction 9. Grouping, Differentiation, & Technology 10. Motivating Students to Learn 11. Effective Learning Environments 12. Learners with Exceptionalities 13. Assessing Student Learning 14. Standardized Tests & Accountability aEmotional Development aEffective Lesson aBehavioral and Social Theories of Learning aLearning Environment aSlavin, Robert E